| 000 | 00491cam a2200193ua 4500 | ||
|---|---|---|---|
| 001 | 11905 | ||
| 008 | 191118n ii |||gr||||Z||||||eng | ||
| 020 | _a9789384247645 | ||
| 040 | _cMAIN | ||
| 082 | _a338.9 | ||
| 100 |
_a R.S. Musale, _eAuthor. |
||
| 245 |
_aRural cooperative and economic development _cBy R.S. Musale |
||
| 250 | _a1st ed. | ||
| 260 |
_aKanpur: _bChandralok Prakashan, _c2015. |
||
| 300 | _a338p. | ||
| 653 | _aProduction | ||
| 653 | _aRural Cooperative | ||
| 942 | _cBK | ||
| 999 |
_c10693 _d10693 |
||